[Event "Hannover Bezirk-ch B"]
[Site "Hannover"]
[Date "2018.10.04"]
[Round "1.4"]
[White "Walther, Jonas"]
[Black "Brockmann, Marc"]
[Result "1-0"]
[WhiteElo "1781"]
[BlackElo "1674"]
[PlyCount "83"]
[EventDate "2018.10.04"]
[EventType "swiss"]
[EventRounds "7"]
[EventCountry "GER"]
[SourceTitle "EXT 2022"]
[Source "ChessBase"]
[SourceDate "2021.10.06"]
[SourceVersion "1"]
[SourceVersionDate "2021.10.06"]
[SourceQuality "1"]

1. e4 e6 2. d4 d5 3. e5 c5 4. c3 Qb6 5. Nf3 Bd7 6. Be2 cxd4 7. cxd4 Bb5 8. Nc3 Bxe2 9. Qxe2 Nc6 10. 0-0 Nge7 11. Be3 Nf5 12. a3 Be7 13. b4 Rc8 14. Rac1 0-0 15. Na4 Qd8 16. Rc2 Qd7 17. Nc5 Bxc5 18. Rxc5 b6 19. Rc2 Nb8 20. Rfc1 Rxc2 21. Qxc2 Ne7 22. Ng5 g6 23. Qd3 Rc8 24. g4 Qe8 25. Rxc8 Qxc8 26. Bd2 Qf8 27. b5 h6 28. Nf3 Kg7 29. h4 f5 30. exf6+ Qxf6 31. Qe3 Ng8 32. g5 Qf5 33. gxh6+ Kh7 34. Ng5+ Kxh6 35. Nxe6+ Kh7 36. Ng5+ Kh8 37. Qe5+ Qxe5 38. dxe5 Nd7 39. Bc3 Kg7 40. e6+ Ndf6 41. Be5 Ne7 42. Kg2 1-0

[Event "Hannover Bezirks op"]
[Site "Hannover"]
[Date "2017.02.18"]
[Round "3.5"]
[White "Schmalz, Dierk"]
[Black "Brockmann, Marc"]
[Result "1/2-1/2"]
[WhiteElo "1923"]
[BlackElo "1729"]
[PlyCount "33"]
[EventDate "2017.01.21"]
[EventType "swiss"]
[EventRounds "7"]
[EventCountry "GER"]
[SourceTitle "EXT 2022"]
[Source "ChessBase"]
[SourceDate "2021.10.06"]
[SourceVersion "1"]
[SourceVersionDate "2021.10.06"]
[SourceQuality "1"]

1. e4 e6 2. d3 d5 3. Nd2 Nf6 4. Ngf3 Be7 5. g3 c5 6. Bg2 Nc6 7. 0-0 b6 8. e5 Nd7 9. Re1 Qc7 10. Qe2 Bb7 11. c3 g5 12. h3 h5 13. Nb3 g4 14. hxg4 hxg4 15. Nh2 Qxe5 16. Qxe5 Ncxe5 17. Rd1 1/2-1/2

[Event "Hannover-chB"]
[Site "Lehrte"]
[Date "2016.10.01"]
[Round "2"]
[White "Mesic, Reuf"]
[Black "Brockmann, Marc"]
[Result "1/2-1/2"]
[WhiteElo "1643"]
[BlackElo "1729"]
[PlyCount "60"]
[EventDate "2016.10.01"]
[EventType "swiss"]
[EventRounds "7"]
[EventCountry "GER"]
[SourceTitle "EXT 2020"]
[Source "ChessBase"]
[SourceDate "2019.10.17"]
[SourceVersion "1"]
[SourceVersionDate "2019.10.17"]
[SourceQuality "1"]

1. e4 e6 2. Nf3 d5 3. exd5 exd5 4. d4 Bd6 5. Bd3 Ne7 6. Bg5 c6 7. 0-0 f6 8. Bh4 Bf5 9. Re1 Bxd3 10. Qxd3 0-0 11. Nbd2 Ng6 12. Bg3 Qc7 13. Qf5 Bxg3 14. hxg3 Qd7 15. Qe6+ Qxe6 16. Rxe6 Nd7 17. Rae1 Kf7 18. Nb3 Nde5 19. Nc5 Nxf3+ 20. gxf3 b6 21. Nd3 Rac8 22. f4 Rfe8 23. Rxe8 Rxe8 24. Kf1 Rxe1+ 25. Kxe1 Ke6 26. g4 Kd6 27. Ke2 Ne7 28. f5 g5 29. f4 h6 30. fxg5 hxg5 1/2-1/2

[Event "Hannover Ihme Cup"]
[Site "Hannover"]
[Date "2015.05.08"]
[Round "1"]
[White "Barz, Oliver"]
[Black "Brockmann, Marc"]
[Result "1-0"]
[WhiteElo "1958"]
[BlackElo "1484"]
[PlyCount "69"]
[EventDate "2015.05.08"]
[EventType "swiss"]
[EventRounds "5"]
[EventCountry "GER"]
[SourceTitle "EXT 2021"]
[Source "ChessBase"]
[SourceDate "2020.10.23"]
[SourceVersion "1"]
[SourceVersionDate "2020.10.23"]
[SourceQuality "1"]

1. e4 e6 2. d3 d5 3. Nd2 Nf6 4. Ngf3 c5 5. g3 Nc6 6. Bg2 Be7 7. 0-0 b5 8. Re1 0-0 9. e5 Nd7 10. Nf1 Qc7 11. Bf4 c4 12. d4 a5 13. h4 b4 14. c3 bxc3 15. bxc3 Rb8 16. Qc2 Ba6 17. Ne3 Rb5 18. Ng5 Bxg5 19. hxg5 Rfb8 20. Nxd5 Qc8 21. Ne3 Rb2 22. Qd1 Ne7 23. Be4 Bb7 24. Qf3 Ng6 25. Ng4 Qf8 26. Bc1 Bxe4 27. Qxe4 R2b6 28. Ne3 Qc8 29. Ba3 R8b7 30. f4 Nb8 31. Bc5 Qc6 32. Qxc6 Rxc6 33. Nxc4 Na6 34. Nxa5 Nxc5 35. dxc5 1-0

[Event "Langenhagen-ch op 17th"]
[Site "Langenhagen"]
[Date "2014.06.28"]
[Round "2"]
[White "Lick, Helmut"]
[Black "Brockmann, Marc"]
[Result "0-1"]
[WhiteElo "1335"]
[BlackElo "1413"]
[PlyCount "78"]
[EventDate "2014.06.14"]
[EventType "swiss"]
[EventRounds "7"]
[EventCountry "GER"]
[SourceTitle "EXT 2021"]
[Source "ChessBase"]
[SourceDate "2020.10.23"]
[SourceVersion "1"]
[SourceVersionDate "2020.10.23"]
[SourceQuality "1"]

1. e4 e6 2. d4 d5 3. Nc3 Nf6 4. e5 Nfd7 5. Nf3 c5 6. Be3 Nc6 7. Ne2 Qb6 8. c3 cxd4 9. Nexd4 Ndxe5 10. Nb3 Qd8 11. Be2 Be7 12. 0-0 0-0 13. Nxe5 Nxe5 14. f4 Nc4 15. Bxc4 dxc4 16. Nd4 a6 17. Qc2 Qc7 18. Rad1 b5 19. Qf2 Bb7 20. Nf3 Bxf3 21. Qxf3 Bc5 22. Qf2 Bxe3 23. Qxe3 Rad8 24. Kf2 g6 25. g3 Rxd1 26. Rxd1 Rd8 27. Rd4 Rd5 28. Rxd5 exd5 29. Qe8+ Kg7 30. Qe5+ Qxe5 31. fxe5 f5 32. Ke3 Kf7 33. h3 Ke6 34. Kd4 g5 35. b4 f4 36. gxf4 gxf4 37. a3 f3 38. Ke3 Kxe5 39. Kxf3 d4 0-1

[Event "Hannover Ihme Cup"]
[Site "Hannover"]
[Date "2014.05.10"]
[Round "2"]
[White "Brockmann, Marc"]
[Black "Schumacher, Klaus"]
[Result "0-1"]
[WhiteElo "1356"]
[BlackElo "1831"]
[PlyCount "66"]
[EventDate "2014.05.09"]
[EventType "swiss"]
[EventRounds "5"]
[EventCountry "GER"]
[SourceTitle "EXT 2021"]
[Source "ChessBase"]
[SourceDate "2020.10.23"]
[SourceVersion "1"]
[SourceVersionDate "2020.10.23"]
[SourceQuality "1"]

1. c4 e5 2. Nc3 Nf6 3. Nf3 Nc6 4. g3 d5 5. cxd5 Nxd5 6. Qc2 Be6 7. d3 Be7 8. Bg2 0-0 9. 0-0 h6 10. a3 Qd7 11. b4 Nxc3 12. Qxc3 Bh3 13. Rb1 Bxg2 14. Kxg2 Bf6 15. Qc2 Nd4 16. Nxd4 exd4 17. Bb2 Rfe8 18. Rfe1 Re6 19. f3 Rae8 20. Rbc1 Bg5 21. Rcd1 f5 22. Bc1 Bxc1 23. Rxc1 Qe7 24. Kf1 c6 25. Qc4 Kh7 26. Rc2 Qd7 27. Qc5 Re5 28. Qxa7 f4 29. g4 h5 30. h3 hxg4 31. hxg4 Qd5 32. Rc5 Qxf3+ 33. exf3 Rxe1+ 0-1

[Event "Hannover Region-ch"]
[Site "Hannover"]
[Date "2013.04.27"]
[Round "7"]
[White "Reinecke, Juergen"]
[Black "Brockmann, Marc"]
[Result "1-0"]
[WhiteElo "1794"]
[BlackElo "1389"]
[PlyCount "41"]
[EventDate "2013.01.26"]
[EventType "swiss"]
[EventRounds "7"]
[EventCountry "GER"]
[SourceTitle "EXT 2021"]
[Source "ChessBase"]
[SourceDate "2020.10.23"]
[SourceVersion "1"]
[SourceVersionDate "2020.10.23"]
[SourceQuality "1"]

1. d4 Nf6 2. Nf3 g6 3. c4 Bg7 4. Nc3 0-0 5. e4 d6 6. Be2 e5 7. dxe5 dxe5 8. Qxd8 Rxd8 9. Bg5 Re8 10. Rd1 h6 11. Bh4 g5 12. Bg3 Nh5 13. Bxe5 Bxe5 14. Nxe5 Rxe5 15. Rd8+ Kg7 16. Rxc8 Nf4 17. Bf3 Nd3+ 18. Ke2 Nxb2 19. Rb1 Nxc4 20. Rxb7 Nd6 21. Rbxb8 1-0

[Event "Hannover Region-ch"]
[Site "Hannover"]
[Date "2013.03.02"]
[Round "4"]
[White "Heiseke, Gerhard"]
[Black "Brockmann, Marc"]
[Result "0-1"]
[WhiteElo "1112"]
[BlackElo "1389"]
[PlyCount "92"]
[EventDate "2013.01.26"]
[EventType "swiss"]
[EventRounds "7"]
[EventCountry "GER"]
[SourceTitle "EXT 2021"]
[Source "ChessBase"]
[SourceDate "2020.10.23"]
[SourceVersion "1"]
[SourceVersionDate "2020.10.23"]
[SourceQuality "1"]

1. d4 Nf6 2. Nf3 g6 3. Bf4 Bg7 4. e3 0-0 5. Bd3 d6 6. Nbd2 c5 7. c3 Bd7 8. h4 h5 9. Rg1 b5 10. c4 bxc4 11. Bxc4 d5 12. Bb3 c4 13. Bc2 Nc6 14. a3 Rc8 15. b3 cxb3 16. Bxb3 Na5 17. Ne5 Nxb3 18. Nxd7 Nxa1 19. Nxf8 Nc2+ 20. Ke2 Kxf8 21. Nb1 Qa5 22. Qd3 Ne4 23. f3 Nc3+ 24. Kf2 Nxb1 25. Rxb1 Bf6 26. g3 Nxa3 27. Ra1 Rc3 28. Qd1 Qb4 29. Kg2 Qb2+ 30. Kh3 Rc2 31. Qg1 Rh2+ 32. Qxh2 Qxa1 33. g4 hxg4+ 34. Kxg4 Nc4 35. h5 Qb2 36. Qh3 gxh5+ 37. Qxh5 Qg2+ 38. Kf5 Qg6+ 39. Qxg6 fxg6+ 40. Kxg6 a5 41. Kf5 Kf7 42. e4 e6+ 43. Kg4 dxe4 44. fxe4 Bxd4 45. Bg5 a4 46. Bc1 Bb2 0-1